000 00639nam a2200205Ia 4500
003 OSt
005 20260106133157.0
008 210716s2019 xx 000 0 und d
020 _a9789352138746
040 _cAIMIT LIBRARYCLAS
041 _aeng
082 _a005.767
_bCLAS
100 _aClatworthy, Simon David.
_9250325
245 _aExperience centric organization:
_bHow to win through customer experience /
_cBy Simon Clatworthy.
250 _a1st ed.
260 _aMumbai :
_bShroff Publishers and Distributors Pvt Ltd ,
_c2019.
300 _axv,249 p.;
_bPB
650 _aAnalytics
_9250326
942 _2ddc
_cBK
_k005.767 CLAS
999 _c197108
_d197108